000 00491nam a2200181Ia 4500
005 20250326144058.0
008 250326s9999 xx 000 0 und d
037 _aTextbook
040 _aFMSL
_beng
_cFMSL
041 _aeng
_2eng
084 _aX:8D L8
_qFMSL
100 _aSmith P F
245 0 _aMoney and ficial intermediation
_cSmith P F
260 _aNew Jersey
_bNew Jersey, Prentice-Hall
_c1978
300 _a370p
942 _cTB
_hX:8D L8
999 _c1302265
_d1302265